La filosofía de la crisis y el salto tecnológico : (Registro nro. 13740)

Detalles MARC
000 -LIDER
fixed length control field 01315nam a2200325 u 4500
001 - NÚMERO DE CONTROL
Identificador de número de control 000002718
003 - IDENTIFICACDOR DE NÚMERO DE CONTROL
control field DO-SdBNP
005 - DATE AND TIME OF LATEST TRANSACTION
control field 20210930121740.0
008 - ELEMENTOS DE LONGITUD FIJA
fixed length control field 090703s2003 dr d r 000 0 spa d
020 ## - ISBN
International Standard Book Number 9993403792
040 ## - FUENTE DE CATALOGACIÓN
Agencia que crea de manera original el registro BPMSU
Idioma de catalogación spa
Agencia que realiza la transcripción BPMSU
049 ## - LOCAL HOLDINGS (OCLC)
Holding library
082 ## - NÚMERO DE CLASIFICACIÓN DECIMAL DE DEWEY
Classification number 338.927
Item number J96f 2003
Edition number 22
100 1# - ASIENTO PRINCIPAL -- NOMBRE PERSONAL
Nombre personal Justo Duarte, Amaury,
Fechas asociadas con el nombre 1942-
245 13 - MENCIÓN DE TITULO
Título La filosofía de la crisis y el salto tecnológico :
Subtítulo la sociedad dominicana y su futuro /
Mención de responsabilidad Amaury Justo Duarte.
260 ## - PUBLICACIÓN, DISTRIBUCIÓN, ETC. (PIE DE IMPRENTA)
Lugar de publicación, distribución, etc Santo Domingo :
Nombre del editor, distribuidor, etc. Búho,
Fecha de publicación, distribución, etc 2003
300 ## - DESCRIPCIÓN FÍSICA
Extensión 196 p. ;
Dimensiones 22 cm.
490 0# - MENCIÓN DE SERIES
Mención de serie Filosofía y sociedad
Volume/sequential designation 8
500 ## - NOTA GENERAL
Nota general Incluye referencias bibliográficas y notas al pie de las páginas
504 ## - NOTA DE BIBLIOGRAFÍA, ETC.
Bibliography, etc Bibliografía : p. 185- 190
505 ## - NOTA DE CONTENIDO
Texto normalizado de contenido Filosofía de la crisis -- La base material de la crisis -- Economía, crisis y evolución política -- Los desafíos del salto tecnológico -- Bibliografía.
590 ## - NOTA LOCAL
Enlace Inventariado, 2021/VM
650 #4 - ENCABEZAMIENTO DE MATERIA--TEMÁTICO
Término temático o nombre geográfico como elemento de entrada Desarrollo científico y tecnológico.
Subdivisión geográfica República Dominicana
651 #4 - ENCABEZAMIENTO DE MATERIA--NOMBRE GEOGRÁFICO
Nombre geográfico República Dominicana
Subdivisión temática general Condiciones económicas
651 #4 - ENCABEZAMIENTO DE MATERIA--NOMBRE GEOGRÁFICO
Nombre geográfico República Dominicana
Subdivisión temática general Política económica
651 #4 - ENCABEZAMIENTO DE MATERIA--NOMBRE GEOGRÁFICO
Nombre geográfico República Dominicana
Subdivisión temática general Condiciones sociales
651 #4 - ENCABEZAMIENTO DE MATERIA--NOMBRE GEOGRÁFICO
Nombre geográfico República Dominicana
Subdivisión temática general Política y gobierno
910 ## - VALIDACIÓN
Validación VMateo V.
942 ## - ADDED ENTRY ELEMENTS (KOHA)
Source of classification or shelving scheme Dewey Decimal Classification
Koha item type Libros
Existencias
Withdrawn status Lost status Source of classification or shelving scheme Damaged status Not for loan Collection code Home library Current library Date acquired Source of acquisition Total Checkouts Full call number Barcode Date last seen Price effective from Koha item type Copy number
    Dewey Decimal Classification     Colección Dominicana Biblioteca Pública Metropolitana Salomé Ureña Biblioteca Pública Metropolitana Salomé Ureña 09/30/2021 Compra   BPMSU CD 338.927 J96f 2003 BPMSU21090086 09/30/2021 09/30/2021 Libros  
    Dewey Decimal Classification     Colección Dominicana Biblioteca Pública Metropolitana Salomé Ureña Biblioteca Pública Metropolitana Salomé Ureña 09/30/2021 Compra   BPMSU CD 338.927 J96f 2003 BPMSU21090087 09/30/2021 09/30/2021 Libros e.2
    Dewey Decimal Classification     Colección Dominicana Biblioteca Pública Metropolitana Salomé Ureña Biblioteca Pública Metropolitana Salomé Ureña 09/30/2021 Compra   BPMSU CD 338.927 J96f 2003 BPMSU21090088 09/30/2021 09/30/2021 Libros e.3